Central Library OPAC University of Rajshahi

Economics in action / (Record no. 42408)

MARC details
000 -LEADER
fixed length control field 00658nam a2200229 a 4500
001 - CONTROL NUMBER
control field 42408
003 - CONTROL NUMBER IDENTIFIER
rucl marc code RjUL
005 - DATE AND TIME OF LATEST TRANSACTION
control field 20211209053534.0
008 - FIXED-LENGTH DATA ELEMENTS--GENERAL INFORMATION
fixed length control field 160612s1959 nyua 000 0 eng d
035 ## - SYSTEM CONTROL NUMBER
System control number (RjUL)42526
040 ## - CATALOGING SOURCE
Original cataloging agency DLC
Transcribing agency XAV
Modifying agency OCL
-- UKM
-- EQO
-- (BD RjUL)
Language of cataloging eng
041 ## - LANGUAGE CODE
Language code of text/sound track or separate title eng
082 ## - DEWEY DECIMAL CLASSIFICATION NUMBER
Classification number 330
Edition number 23
Author mark and year BRE 1959
100 1# - MAIN ENTRY--PERSONAL NAME
Personal name Brainard, Harry Gray,
9 (RLIN) 130449
245 10 - TITLE STATEMENT
Title Economics in action /
Statement of responsibility, etc. Harry Gray Brainard
260 ## - PUBLICATION, DISTRIBUTION, ETC. (IMPRINT)
Place of publication, distribution, etc. New York :
Name of publisher, distributor, etc. Oxford University,
Date of publication, distribution, etc. 1959
300 ## - PHYSICAL DESCRIPTION
Pagination 441 p. :
Illustrations ill.;
Size 24 cm.
500 ## - GENERAL NOTE
General note Includes Index
650 #0 - SUBJECT ADDED ENTRY--TOPICAL TERM
Topical term or geographic name as entry element Economics
9 (RLIN) 130450
651 #0 - SUBJECT ADDED ENTRY--GEOGRAPHIC NAME
Geographic name United States
General subdivision Economic conditions
9 (RLIN) 116912
942 ## - ADDED ENTRY ELEMENTS (KOHA)
Source of classification or shelving scheme Dewey Decimal Classification
Koha item type Books
Holdings
Lost status Source of classification or shelving scheme Damaged status Not for loan Collection code Permanent Location Current Location Shelving location Date acquired Source of acquisition Cost, normal purchase price Total Checkouts Full call number Date last seen Copy number Koha item type
  Dewey Decimal Classification     Non-fiction Central Library, University of Rajshahi Central Library, University of Rajshahi   15/07/1970 Zeitlinger 52.00   330 BRE 1959 12/06/2016 C-2 Books